| 000 | 00529nam a2200217Ia 4500 | ||
|---|---|---|---|
| 003 | 0100 | ||
| 008 | 130303s9999 xx 000 0 und d | ||
| 040 | _cARRUPELIB | ||
| 050 | _aBL1453.C62 | ||
| 100 | _aConze, Edward | ||
| 245 | _aBuddhist thought in India | ||
| 260 | _aMichigan | ||
| 260 | _bThe University of Michigan press | ||
| 260 | _C1967 | ||
| 300 | _a302p. | ||
| 300 | _b 22cm | ||
| 650 | _bDemocarcy--Kenya | ||
| 650 | _cKenya--Politics--1963-1978 | ||
| 650 | _dKenya--Politics--1978 | ||
| 942 |
_2lcc _01 |
||
| 999 |
_c60832 _d60832 |
||